Dossier informatiu dels ajuts de les administracions públiques amb motiu dels aiguats de juny de 2000 : quadre resum : normativa quadre resum :
Publicado:
Barcelona :
Diputació de Barcelona. Àrea de Cooperació. Oficina Tècnica de Cooperació ,
2000
Descripción Física:
22 p. : quadres ; 29 cm
MARC
| LEADER | 00000nam a2200000Ia 4500 | ||
|---|---|---|---|
| 001 | 23557 | ||
| 008 | 160829s2000 xx 000 0 cat d | ||
| 080 | |a M-6-439 | ||
| 245 | |a Dossier informatiu dels ajuts de les administracions públiques amb motiu dels aiguats de juny de 2000 : |b quadre resum : |b normativa | ||
| 260 | |a Barcelona : |b Diputació de Barcelona. Àrea de Cooperació. Oficina Tècnica de Cooperació, |c 2000 | ||
| 300 | |a 22 p. : |b quadres ; |c 29 cm | ||
| 650 | |a Inundacions |x Barcelona (Província) |9 48962 | ||
| 650 | |a Administració local |x Subvencions |9 39686 | ||
| 710 | |a Barcelona (Catalunya : Província). |b Oficina Tècnica de Cooperació |9 53580 | ||
| 901 | |a Arxiu | ||
| 942 | |n 1 | ||
| 952 | |0 0 |1 0 |4 0 |6 M6439 |7 1 |9 55003 |a Arxiu |b Arxiu |d 2012-08-08 |l 0 |o M-6-439 |p 23557 |r 2016-12-01 00:00:00 |w 2016-12-01 |y ARXIU | ||
| 999 | |c 58873 |d 58873 | ||